100 dosis de ciencia

Detalles Bibliográficos
Formato: eBook
Lenguaje:español
Publicado: Ciudad de Mx̌ico: Cm̀ara de Diputados, 2013
Materias:
Acceso en línea:Acceso restringido

MARC

LEADER 00000nam a22000007a 4500
005 20171204181451.0
007 cr|||| ||||
008 171204s2013 mx |||||s|||| 00||0 spa d
020 |a 978-607-401-748-9 
035 |a 20650 
040 |a vLex 
090 |c 7253  |d 7253 
245 0 0 |a 100 dosis de ciencia  |h [Recurso electrn̤ico]  
256 |a Servicio en ln̕ea 
260 |a Ciudad de Mx̌ico:  |b Cm̀ara de Diputados,  |c 2013 
300 |a 1 recurso electrn̤ico 
500 |a  Se conocen como Pequeąs dosis de ciencia a las breves cp̀sulas de radio producidas a partir del 2002 por la Coordinacin̤ de la Investigacin̤ Cientf̕ica de la unam y posteriormente por la Direccin̤ General de Divulgacin̤ de la Ciencia de esa misma institucin̤ que, grabadas en voz del doctor Ren ̌Drucker Coln̕, han sido concebidas para un pb︢lico amplio y diverso. La informacin̤, a menudo sorprendente, se presenta con un lenguaje sencillo y accesible, no obstante la consistencia y seriedad de las fuentes originales de cada cp̀sula. Con el mismo interš de divulgacin̤, este volumen ofrece al lector un objeto palpable para que, libre de la cualidad etřea de la palabra hablada y las ondas hertzianas, las dosis se lean y consulten en el momento en que se desee. 
506 1 |a Disponible solo en los productos indicados  |d vLex Global  |d vLex Global (Academic Edition, excluding Law Schools)  |d vLex Global (U.S. Academic Edition, Law Schools)  |d vLex Global (U.S. Academic Edition, excluding Law Schools)  |d vLex Global (Academic Edition, Law Schools) 
650 0 4 |a Ciencias aplicadas  |z Mx̌ico 
740 0 |a vLex Libros (Servicio en ln̕ea) 
856 4 0 |u http://vlex.com/source/100-dosis-de-ciencia-20650  |z Acceso restringido 
942 |c BOOK 
999 0 |a Technology